| 000 | 00537nam a2200193Ia 4500 | ||
|---|---|---|---|
| 003 | IIN | ||
| 005 | 20240202113053.0 | ||
| 008 | 231217s9999 xx 000 0 und d | ||
| 020 |
_cRs.1095.00 _a9789389211436 |
||
| 040 |
_aIIN _bEnglish |
||
| 082 |
_a579 _bKAN |
||
| 100 | 1 | _aKanungo, Reba [ED] | |
| 245 | 1 |
_aAnanthanarayan and Paniker's Textbook of Microbiology with MCQs _cReba Kanungo Ed. |
|
| 250 | _a11th ed | ||
| 260 |
_bUniversities Press _aHyderabad _c2020 |
||
| 300 | _axx, 660 p. | ||
| 650 | 1 | _aMicrobiology | |
| 942 | _cBOOK | ||
| 999 |
_c53 _d53 |
||